ਅੰਮੀ ਜਾਈ ਕੀ ਕਰੇ : (Record no. 55226)
[ view plain ]
| 000 -LEADER | |
|---|---|
| fixed length control field | 01273nam a22002897a 4500 |
| 005 - DATE AND TIME OF LATEST TRANSACTION | |
| control field | 2011080406576.0 |
| 008 - FIXED-LENGTH DATA ELEMENTS--GENERAL INFORMATION | |
| fixed length control field | 090728t xxu||||| |||| 00| 0 pun d |
| 010 ## - LCCN (DPL NO) | |
| LC control number | PUN-6956 |
| 020 ## - INTERNATIONAL STANDARD BOOK NUMBER | |
| Terms of availability | 225.00 |
| International Standard Book Number | 9788179143469 x |
| 035 ## - SYSTEM CONTROL NUMBER | |
| System control number | PN-6074 |
| 037 ## - SOURCE OF ACQUISITION | |
| Source of stock number/acquisition | DBAD / PUB |
| 040 ## - CATALOGING SOURCE | |
| Original cataloging agency | dpl |
| Language of cataloging | pn |
| 082 ## - DEWEY DECIMAL CLASSIFICATION NUMBER | |
| Classification number | 853.08 |
| 100 ## - MAIN ENTRY--PERSONAL NAME | |
| 9 (RLIN) | 24414 |
| Personal name | ਗਿੱਲ ਮੋਰਾਂਵਾਲੀ |
| 245 ## - TITLE STATEMENT | |
| Title | ਅੰਮੀ ਜਾਈ ਕੀ ਕਰੇ : |
| Statement of responsibility, etc | ਗਿੱਲ ਮੋਰਾਂਵਾਲੀ, ਜੀਤ ਦੇਵਿੰਦਰ ਕੋਰ ਦ੍ਵਾਰਾ ਸੰਪਾਦਿਤ |
| Remainder of title | ਪ੍ਰਸੰਗ ਤੇ ਪਾਠ / |
| 246 ## - VARYING FORM OF TITLE | |
| Title proper/short title | Amee Jae Kee Kare: Parsang te paath |
| Remainder of title | by Gill Moranwali |
| 260 ## - PUBLICATION, DISTRIBUTION, ETC. (IMPRINT) | |
| Place of publication, distribution, etc | Chandigarh |
| Name of publisher, distributor, etc | Tarlochan Publishers |
| Date of publication, distribution, etc | 2010 |
| 270 ## - ADDRESS | |
| Address | 3236, Sector-15-D, |
| City | Chandigarh |
| Telephone number | 0172-4613236 |
| 300 4# - PHYSICAL DESCRIPTION | |
| Extent | 144 ਸਫੇ |
| Dimensions | 22ਸੇਮੀ (ਸਜਿਲੱਦ) |
| 500 ## - GENERAL NOTE | |
| General note | Same ISBN No-9788179143469 Title- ਅੰਮੀ ਜਾਈ ਕੀ ਕਰੇ / |
| 600 ## - SUBJECT ADDED ENTRY--PERSONAL NAME | |
| 9 (RLIN) | 31401 |
| 650 ## - SUBJECT ADDED ENTRY--TOPICAL TERM | |
| 9 (RLIN) | 24412 |
| 650 ## - SUBJECT ADDED ENTRY--TOPICAL TERM | |
| 9 (RLIN) | 24431 |
| 700 ## - ADDED ENTRY--PERSONAL NAME | |
| 9 (RLIN) | 31690 |
| 942 ## - ADDED ENTRY ELEMENTS (KOHA) | |
| Source of classification or shelving scheme | Dewey Decimal Classification |
| Item type | Punjabi Bks |
| Classification part | 853.08 |
| Call number suffix | ਗਿੱਲਮੋ |
| Withdrawn status | Lost status | Source of classification or shelving scheme | Damaged status | Not for loan | Collection code | Home library | Current library | Date acquired | Source of acquisition | Cost, normal purchase price | Total Checkouts | Full call number | Barcode | Date last seen | Copy number | Cost, replacement price | Koha item type |
|---|---|---|---|---|---|---|---|---|---|---|---|---|---|---|---|---|---|
| Dewey Decimal Classification | Non-fiction | D.B.Act.Division | D.B.Act.Division | 11/08/2011 | DBAD/PUB | 225.00 | 853.08 ਗਿੱਲਮੋ | PN-6074 | 11/08/2011 | 1 | 225.00 | Punjabi Bks |
